[Event "Gornozavodsk op"]
[Site "Gornozavodsk"]
[Date "2007.11.??"]
[Round "6"]
[White "Chukharev, Sergey"]
[Black "Uglinskih, Alexandr"]
[Result "1-0"]
[WhiteElo "2338"]
[BlackElo "2316"]
[PlyCount "61"]
[EventDate "2007.11.??"]
[EventType "swiss"]
[EventRounds "11"]
[EventCountry "RUS"]
[SourceTitle "CBM 121 Extra"]
[Source "ChessBase"]
[SourceDate "2008.01.10"]
[SourceVersion "1"]
[SourceVersionDate "2008.01.10"]
[SourceQuality "1"]

1. e4 e6 2. d4 d5 3. e5 c5 4. c3 Nc6 5. Nf3 Be7 6. Bd3 a6 7. 0-0 b5 8. Be3 c4 9. Bc2 b4 10. cxb4 Nxb4 11. Nc3 Nxc2 12. Qxc2 Bd7 13. Nd2 Bb4 14. f4 Ne7 15. g4 h5 16. h3 g6 17. Nf3 Qa5 18. a3 Bxc3 19. bxc3 Ba4 20. Qb2 Bb3 21. Rfc1 hxg4 22. hxg4 Kd7 23. Kg2 Rh7 24. Rh1 Rah8 25. Nd2 Ba4 26. Qb7+ Qc7 27. Qxa6 Bc6 28. Rxh7 Rxh7 29. Rb1 Rh8 30. Qb6 Ra8 31. Qb2 1-0

[Event "Gornozavodsk op"]
[Site "Gornozavodsk"]
[Date "2007.11.??"]
[Round "7"]
[White "Uglinskih, Alexandr"]
[Black "Nechaev, Alexey"]
[Result "1-0"]
[WhiteElo "2316"]
[BlackElo "2183"]
[PlyCount "77"]
[EventDate "2007.11.??"]
[EventType "swiss"]
[EventRounds "11"]
[EventCountry "RUS"]
[SourceTitle "CBM 121 Extra"]
[Source "ChessBase"]
[SourceDate "2008.01.10"]
[SourceVersion "1"]
[SourceVersionDate "2008.01.10"]
[SourceQuality "1"]

1. d4 Nf6 2. c4 d6 3. Nc3 g6 4. e4 Bg7 5. f3 0-0 6. Be3 e5 7. d5 Nbd7 8. Qd2 Re8 9. Bh6 Qe7 10. Bxg7 Kxg7 11. g4 h6 12. h4 Rh8 13. 0-0-0 a5 14. Nge2 Nc5 15. Ng3 Ne8 16. Bh3 Qf6 17. Qf2 Kg8 18. Nge2 g5 19. Rh2 Bd7 20. Kc2 Rb8 21. Rdh1 b5 22. cxb5 Bxb5 23. Nxb5 Rxb5 24. Bf1 Rxb2+ 25. Kd1 Qd8 26. Qe3 f6 27. hxg5 fxg5 28. Rxh6 Rxh6 29. Rxh6 Ng7 30. Rg6 Rxa2 31. Nc3 Ra1+ 32. Ke2 Kf7 33. Rh6 a4 34. Kf2 a3 35. Bc4 Qb8 36. Qxg5 Qb2+ 37. Ne2 Qb8 38. Rf6+ Kg8 39. Qg6 1-0

[Event "Gornozavodsk op"]
[Site "Gornozavodsk"]
[Date "2007.11.??"]
[Round "3"]
[White "Uglinskih, Alexandr"]
[Black "Smirnov, Alexey1111"]
[Result "1-0"]
[WhiteElo "2316"]
[BlackElo "2404"]
[PlyCount "81"]
[EventDate "2007.11.??"]
[EventType "swiss"]
[EventRounds "11"]
[EventCountry "RUS"]
[SourceTitle "CBM 121 Extra"]
[Source "ChessBase"]
[SourceDate "2008.01.10"]
[SourceVersion "1"]
[SourceVersionDate "2008.01.10"]
[SourceQuality "1"]

1. e4 c6 2. d4 d5 3. exd5 cxd5 4. Bd3 Nc6 5. c3 Nf6 6. h3 e5 7. dxe5 Nxe5 8. Qe2 Qe7 9. Bb5+ Bd7 10. Be3 Bxb5 11. Qxb5+ Qd7 12. Qe2 Bd6 13. Nf3 Nxf3+ 14. Qxf3 0-0 15. 0-0 b6 16. Bd4 Rfe8 17. Bxf6 gxf6 18. Qxf6 Be5 19. Qg5+ Kh8 20. f4 Bg7 21. Rd1 Rad8 22. Na3 a6 23. Nc2 Re4 24. Nd4 h6 25. Qg3 Rde8 26. Re1 Rxe1+ 27. Rxe1 Bxd4+ 28. cxd4 Rxe1+ 29. Qxe1 Qf5 30. Qe5+ Qxe5 31. fxe5 Kg7 32. Kf2 Kg6 33. g4 Kg5 34. Kg3 b5 35. b4 h5 36. h4+ Kg6 37. Kf4 hxg4 38. Kxg4 f6 39. Kf4 f5 40. h5+ Kxh5 41. Kxf5 1-0